| 000 | 01786nab a2200253 a 4500 | ||
|---|---|---|---|
| 005 | 20210219163251.0 | ||
| 008 | 991125s1985 mx 000 0 spa u | ||
| 035 | _aUPN01000219456 | ||
| 049 | _aART | ||
| 100 | 1 | _aOrtega Bayona, Berenice | |
| 100 | 1 | _ubereniceob@yahoo.com | |
| 222 | 0 | _aESTUDIOS SOCIOLOGICOS : REVISTA DE INVESTIGACION CIENTIFICA | |
| 245 | 0 | 0 |
_a“El tiempo nos alcanzó” : _bhuellas de la Asamblea Popular de los Pueblos de Oaxaca en el contexto de la alternancia |
| 260 | _aMéxico | ||
| 300 | _a91-117 | ||
| 362 | 0 | _a2017 Volumen 35, número 103, enero-abril | |
| 520 | 3 | _aEste artículo examina las distintas rutas y formas de lucha que adoptaron sectores representativos de la appo después de las movilizaciones de 2006, particularmente ante el contexto de la alternancia política en la gubernatura en 2010. Para ello, revisaremos brevemente la influencia que tuvo la appo en las reformas políticas implementadas por el nuevo gobierno, así como en las relaciones políticas entre sectores populares movilizados y las autoridades en este nuevo escenario. Además, analizaremos la incidencia que tuvieron las motivaciones y experiencias de organización compartidas de 2006, así como el contexto post-2010, en la agenda y formas de acción política de diferentes sectores populares movilizados. De esta manera, podremos ubicar cambios y continuidades en la cultura política de la protesta, y su importancia para la transformación y democratización de las relaciones políticas en el estado | |
| 653 | 0 | _aRELACIONES POLITICAS | |
| 653 | 0 | _aPROTESTA SOCIAL | |
| 653 | 0 | _aOAXACA, MEXICO | |
| 856 | 4 | _uhttp://www.redalyc.org/articulo.oa?id=59849770004 | |
| 856 | 4 | _uDOI: http://dx.doi.org/10.24201/es.2017v35n103.1518 | |
| 905 | _aArticulo | ||
| 999 |
_c191556 _d191556 |
||